| 000 | 00724nam a2200157 i 4500 | ||
|---|---|---|---|
| 001 | 163247 | ||
| 003 | ES-MaACL | ||
| 005 | 20250816063147.0 | ||
| 008 | 931025m18251826fr |||| | fre d | ||
| 100 | 1 |
_aRémusat, Jean-Pierre-Abel, _d1788-1832 _996154 |
|
| 245 | 1 | 0 |
_aMélanges asiatiques _b: ou choix de morceaux de critique et de mémoires relatifs aux religions, aux sciences, aux coutumes, a L'histoire et a la géographie des nations orientales / _cpar M. Abel-Rémusat. |
| 260 |
_aParis : _bLibrairie Orientale de Dondey-Dupré Père et Fils, _c1825-26 ( _fImp.-Lib. de la Société Asiatique...) |
||
| 300 |
_a2 v. ; _c21 cm. |
||
| 852 |
_aES-MaACL _jG-12590-12591 _z-- Enc. hol. |
||
| 999 |
_c163247 _d163247 |
||